MDQL
is popping MORE tags! Check the
thread
!
Quizzes
Events
Quiz Creation
Community
Videos
Private Events
Remove Ads
Sign In
Join for FREE
Feedback
Dark Mode
Quiz Categories
Sports
Geography
Music
Movies
Television
Just For Fun
Miscellaneous
History
Literature
Language
Science
Gaming
Entertainment
Religion
Holiday
For Kids
Quiz Lab
Recent
Popular Today
Quiz Kudos Today
Editor Picks
Curator Picks
Quizzes by...
Day
Popularity
Type
Ratings
Length
Year
Community
Subscriptions
Recent Discussions
Orange Saloon
Badges
Playlists
Quests
Create
Leaderboards
Showdown
Live 5
Trivia Bingo
Activity
Puzzle Library
Sporcle Events
Private Events
Virtual Trivia
Globe League
Become a Host
Pub Owners
SporcleCon
Opinionation
Our Games
Videos
Blog
Mobile Apps
Partnerships
Remove Ads and Go Orange
Feedback
History
US Presidents
World Leaders
Politics
Nation
Discovery
War
Decade
Year
Century
Biography
Art
History
US Presidents
World Leaders
Politics
Nation
Discovery
War
Decade
Year
Century
Biography
Art
Random Quiz
Search Sporcle
×
Quiz Lab
Quiz Lab
History
American Revolution
Type in answers that appear in a list
Type in answers that appear in a list
Classic
Best Score? Go Orange.
American Revolution Vocab Stats
Can you name the American Revolution Vocab?
By
21cbrown
15m
25 Questions
7 Plays
7 Plays
7 Plays
Comments
Comments
Give Quiz Kudos
Give Quiz Kudos
-
- Ratings
hide this ad
Replay
Link that replays current quiz
Next Quiz
Link to next quiz in quiz playlist
You Got
0%
They Got
Avg Score
44%
Avg Friend Score
Upgrade to see
Score Distribution
Jump to the score distribution portion of the page
Score
0/25
Timer
15:00
0
Plays Today
Hint
Answer
% Correct
A civillian army
Militia
100%
A person who vigorously supports their country and is prepared to defend it against enemies
Patriot
85.7%
A person not in the armed forces or the police
Civilian
85.7%
Refusing to buy a certain product
Boycott
71.4%
An act or means of sealing off a place to prevent goods or people from entering or leaving
Blockade
71.4%
A person who remains loyal to the established ruler or government
Loyalist
71.4%
An armed ship owned and officered by private individuals holding a government comission
Privateer
71.4%
A person who betrays a friend, country, or princable
Traitor
71.4%
A member of class of american militiamen who volunteered to be ready for service at a minuted notice
Minutemen
57.1%
A preliminary or preparatory statement
Preamble
57.1%
To enroll or to be enrolled on the armed forces
Enlist
57.1%
A formal written request signed in by many people
Petition
42.9%
Excessive posession or control of the supply or trade in a commodity or service
Monopoly
42.9%
Hint
Answer
% Correct
To revoke or annul
Repeal
42.9%
A group of soldiers who fight on horses
Calvary
42.9%
A union or association formed for a mutual benefit
Alliance
28.6%
A person who is sent to represent others
Delegate
28.6%
Giving up
Cede
14.3%
A written order issued by a court instructing a law enforcement official
Writ of Assistance
14.3%
A firm decision to do or not to do something
Resolution
14.3%
Forming or belonging to a continent
Continental
14.3%
Irregular fighting in the American Revolution
Guerrilla Warfare
14.3%
a European intellectual movement of the late 17th and 18th centuries emphasizing reason and individualism rather than tradition.
The Enlightment
14.3%
Primarily concerned with making money at the expense of
Mercenary
0%
A list of complaints
Grievence
0%
Quiz Playlist
Details
Report
Send in Message
Add To Playlist
Classic:
Type in answers that appear in a list
Last Updated: Feb 16, 2017
Quiz Scoreboard
CHALLENGE
Sign Up to Join the Scoreboard
Show All
Scores
Hide
Comments
May contain spoilers
Recently Published
1-10 Letter E Words III
by El_Dandy
Language
2m
Street Fighter Characters
by Artimus82
Gaming
60s
College Basketball Coaching Resumes
by pancakes188
Sports
9m
More to Explore
Quiz From the Vault
Featured Blog Post
Where Did the Easter Bunny Come From?
hide this ad
You Might Also Like...
Tags
America
American Revolution
Revolution
Today's Top Quizzes in History
Browse History
hide this ad
Today's Top Quizzes in American Revolution
Browse American Revolution
Top Contributed Quizzes in History
1
Popular People in 1991
2
Popular People in 1981
3
Popular People in 1951
4
Popular People in 1941
5
Popular People in 1986
6
Popular People in 1976
7
Popular People in 1921
8
5-to-1: 20th Century Images of War
9
I Am Born On March 28th
10
Popular People in 1946
Explore More
Trending Topics
NBA
Kpop
Crossword
Marvel
Harry Potter
Anime
Disney
Puzzle
Pokémon
The Office
Country
WWE
Soccer
Song
NFL
hide this ad
More By:
21cbrown
Quiz
Plays
Rating
Category
Featured
Created
American Revolution Vocab
7
History
Dec 20, 2016
Go to Creator's Profile
Score Distribution
Quiz Creator Spotlight
21cbrown
Follow
Send a Message
Quizzes Created
-
Created Quiz Play Count
-
More By This Creator
Popular Quizzes Today
1
Find the US States - No Outlines Minefield
2
Find the Countries of Europe - No Outlines Minefield
3
The Countries of the World
4
Find the US States
5
Risky Map Clicking: Biggest States A-Z
6
US States
7
Popular People in 1961
8
Movies - When Are They Set?
More History Quizzes
Click a Canadian Aircraft
Quiz Lab
Trending Quizzes
Risky Map Clicking: Least Populous States A-Z
USA Borders Longest to Shortest
1-10 Letter G Words
1-10 Letter F Words
Countries of the World: 200 Million BC
Recently Updated
Leaping Animals
pecheneg
Reality TV Shows (A-Z)
bhenderson79
Rickey Henderson's Hall of Fame Teammates
pecheneg
Champions League XIs: Arsenal
pecheneg
Quick Pick: Celebrities in WWE's Hall of Fame
aduchscher
A-Z Keypad Blitz II
pecheneg
Multiple Oscar Actors
pecheneg
Mystery Phrase Blitz: Oscar 'Best Actors'
pecheneg
F. Scott Fitzgerald Novels
LTH
Pick 3 Villains
ddd62291
Trending Topics
Kpop
Crossword
NBA
Anime
Harry Potter
Marvel
Disney
Song
Pokémon
NFL
WWE
The Office
Puzzle
Soccer
Country
Your Account Isn't Verified!
In order to create a playlist on Sporcle, you need to verify the email address you used during registration. Go to your
Sporcle Settings
to finish the process.
Report this User
Report this user for behavior that violates our
Community Guidelines
.
Details:
Send Report
Go to the Sporcle.com Mobile Site →
Comments